|
|
|
|
| LEADER |
01138nam a2200301 a 4500 |
| 001 |
1810 |
| 003 |
BD-DhAAL |
| 005 |
20151217135537.0 |
| 008 |
151217s1999 bg f001 0 beno |
| 010 |
|
|
|a 99948652
|
| 020 |
|
|
|a 9840738569
|
| 040 |
|
|
|a DLC
|c DLC
|d BD-DhAAL
|
| 050 |
0 |
0 |
|a PK1716
|b .E426 1999
|
| 082 |
|
|
|a 891.440954929
|
| 245 |
0 |
0 |
|a একুশের গল্প /
|c সম্পাদনা পরিষদ, হাসান আজিজুল হক ... [et al.].
|
| 260 |
|
|
|a ঢাকা :
|b বাংলা একাডেমী ,
|c ১৯৯৯.
|
| 300 |
|
|
|a ৩৫৭ পৃ. ;
|c ২২ সে.মি.
|
| 500 |
|
|
|a Short stories.
|
| 520 |
|
|
|a Anthology.
|
| 541 |
|
|
|e 1810
|
| 546 |
|
|
|a In Bengali.
|
| 650 |
|
0 |
|a Short stories, Bengali
|z Bangladesh.
|9 16836
|
| 650 |
|
0 |
|a Bengali fiction
|y 20th century.
|9 16837
|
| 700 |
1 |
|
|a Haka, Hāsāna Ājijula,
|d 1939-
|9 16838
|
| 710 |
2 |
|
|a Baṃlā Ekāḍemī (Bangladesh)
|9 16839
|
| 942 |
|
|
|2 ddc
|c BK
|
| 999 |
|
|
|c 36414
|d 36414
|
| 952 |
|
|
|0 0
|1 0
|2 ddc
|4 0
|6 891_440954929000000_EKU
|7 0
|9 57286
|a SCL
|b SCL
|c GEN
|d 2015-12-17
|l 0
|o 891.440954929 EKU
|p 3020001810
|r 2015-12-17
|t 1
|w 2015-12-17
|y BK
|